Welcome to CU Library Online Public Access Catalogue (OPAC)

The Gregg reference manual / (Record no. 1955)

MARC details
000 -LEADER
fixed length control field 01328cam a2200337 a 4500
001 - CONTROL NUMBER
control field 2157317
005 - DATE AND TIME OF LATEST TRANSACTION
control field 20241204173047.0
008 - FIXED-LENGTH DATA ELEMENTS--GENERAL INFORMATION
fixed length control field 990512s2001 nyuab f 001 0 eng
020 ## - INTERNATIONAL STANDARD BOOK NUMBER
International Standard Book Number 0072936037 (spiralwithflap ed.)
020 ## - INTERNATIONAL STANDARD BOOK NUMBER
International Standard Book Number 0072935162 (spiralbound text ed.)
020 ## - INTERNATIONAL STANDARD BOOK NUMBER
International Standard Book Number 0028040481 (hardcover text ed.)
020 ## - INTERNATIONAL STANDARD BOOK NUMBER
International Standard Book Number 002804049X (basic worksheets)
020 ## - INTERNATIONAL STANDARD BOOK NUMBER
International Standard Book Number 0028040503 (comprehensive worksheets)
020 ## - INTERNATIONAL STANDARD BOOK NUMBER
International Standard Book Number 002804052X (instruction's resource manual)
020 ## - INTERNATIONAL STANDARD BOOK NUMBER
International Standard Book Number 0078228069 (classroom presentation)
050 00 - LIBRARY OF CONGRESS CALL NUMBER
Classification number PE1479.B87
Item number S23 2001
082 00 - DEWEY DECIMAL CLASSIFICATION NUMBER
Classification number 808/.042
Edition information 21
100 1# - MAIN ENTRY--PERSONAL NAME
Personal name Sabin, William A.
245 14 - TITLE STATEMENT
Title The Gregg reference manual /
Statement of responsibility, etc. William A. Sabin.
250 ## - EDITION STATEMENT
Edition statement 9th ed.
260 ## - PUBLICATION, DISTRIBUTION, ETC.
Place of publication, distribution, etc. Boston :
Name of publisher, distributor, etc. McGraw-Hill,
Date of publication, distribution, etc. c2001.
300 ## - PHYSICAL DESCRIPTION
Extent xxx, 610 p. :
Other physical details ill., col. maps ;
Dimensions 24 cm.
500 ## - GENERAL NOTE
General note Includes index.
650 #0 - SUBJECT ADDED ENTRY--TOPICAL TERM
Topical term or geographic name entry element English language
General subdivision Business English
Form subdivision Handbooks, manuals, etc.
650 #0 - SUBJECT ADDED ENTRY--TOPICAL TERM
Topical term or geographic name entry element English language
General subdivision Grammar
Form subdivision Handbooks, manuals, etc.
650 #0 - SUBJECT ADDED ENTRY--TOPICAL TERM
Topical term or geographic name entry element English language
General subdivision Transcription
Form subdivision Handbooks, manuals, etc.
650 #0 - SUBJECT ADDED ENTRY--TOPICAL TERM
Topical term or geographic name entry element Business writing
Form subdivision Handbooks, manuals, etc.
856 42 - ELECTRONIC LOCATION AND ACCESS
Materials specified Publisher description
Uniform Resource Identifier <a href="http://www.loc.gov/catdir/description/mh031/99023789.html">http://www.loc.gov/catdir/description/mh031/99023789.html</a>
856 41 - ELECTRONIC LOCATION AND ACCESS
Materials specified Table of contents
Uniform Resource Identifier <a href="http://www.loc.gov/catdir/toc/mh031/99023789.html">http://www.loc.gov/catdir/toc/mh031/99023789.html</a>
942 ## - ADDED ENTRY ELEMENTS (KOHA)
Source of classification or shelving scheme Library of Congress Classification
Koha item type Books
Edition 9TH
Suppress in OPAC No
999 ## -
-- 1955
-- 1955
Holdings
Withdrawn status Lost status Source of classification or shelving scheme Damaged status Not for loan Collection Home library Current library Shelving location Date acquired Total checkouts Full call number Barcode Date last seen Copy number Price effective from Koha item type
    Dewey Decimal Classification     Non-fiction Undergraduate Library (Christ Temple) Undergraduate Library (Christ Temple) General stacks 12/04/2024   PE 1479.B87 SAB ulct00000498 12/04/2024 1 12/04/2024 Books
    Dewey Decimal Classification     Non-fiction Undergraduate Library (Christ Temple) Undergraduate Library (Christ Temple) General stacks 12/04/2024   PE 1479.B87 SAB ulct00000499 12/04/2024 2 12/04/2024 Books
© 2023-2024 Copyright: Central University Libraries. All Rights Reserved | Created by: Mahone Tech Office